000
00259nam a22001097a 4500
008
160622b xxu||||| |||| 00| 0 eng d
100
_9
379
_a
Dewan, P,
245
_a
The Civil Services
260
_a
N.D
_b
Twenty
300
_a
The Civil Services
942
_2
ddc
_c
BK
999
_c
308
_d
308